Citizens of Rome /

Bibliographic Details
Other Authors: Goodenough, Simon, Reece, Richard
Format: Book
Language:English
Published: New York : Crown Publishers Inc., 1979.
Subjects:

MARC

Tag First Indicator Second Indicator Subfields
LEADER 00000cam a22000005i 4500
001 in00000665188
005 20151015080148.0
008 800501s1979 nyuab 00100 eng d
010 |a  78024210  
020 |a 0517537508 
035 |a (OCoLC)06269363 
035 |9 ACX5984AM 
040 |a CUR  |c CUR  |d TXA  |d UtOrBLW 
043 |a e-it--- 
049 |a TXAM  |c [1497584] 
090 |a DG77  |b .C57 1979 
245 0 0 |a Citizens of Rome /  |c Simon Goodenough ; consultant, Dr. Richard Reece. 
264 1 |a New York :  |b Crown Publishers Inc.,  |c 1979. 
300 |a 192 pages :  |b illustrations (part. color), maps ;  |c 29 cm. 
336 |a text  |b txt  |2 rdacontent 
337 |a unmediated  |b n  |2 rdamedia 
338 |a volume  |b nc  |2 rdacarrier 
500 |a Includes index. 
651 0 |a Rome  |x Civilization. 
700 1 |a Goodenough, Simon. 
700 1 |a Reece, Richard. 
999 |a MARS 
999 f f |s 83e365ee-8d16-3c27-9cfc-f063aef60a72  |i 62d84be7-ede0-39d8-89a4-fcb60ad4ec3d  |t 0 
952 f f |p normal  |a Texas A&M University  |b College Station  |c Sterling C. Evans Library  |d Evans: Library Stacks  |t 0  |e DG77 .C57 1979  |h Library of Congress classification  |i unmediated -- volume  |m A14801986866 
998 f f |a DG77 .C57 1979  |t 0  |l Evans: Library Stacks